[Event "Syre Memorial op 36th"]
[Site "Issy les Moulineaux"]
[Date "2013.05.10"]
[Round "5"]
[White "Malouch, Naceur"]
[Black "Palmeiro, Arturo"]
[Result "1-0"]
[WhiteElo "1943"]
[BlackElo "1640"]
[PlyCount "35"]
[EventDate "2013.05.08"]
[EventType "swiss"]
[EventRounds "7"]
[EventCountry "FRA"]
[SourceTitle "EXT 2015"]
[Source "ChessBase"]
[SourceDate "2014.11.20"]
[SourceVersion "1"]
[SourceVersionDate "2014.11.20"]
[SourceQuality "1"]

1. e4 c5 2. Nf3 e6 3. d4 cxd4 4. Nxd4 Bc5 5. Nb3 Bb6 6. Be2 Qh4 7. 0-0 Qxe4 8. Nc3 Qh4 9. Nb5 Qe7 10. Nd6+ Kd8 11. Bh5 g6 12. Bf3 Nc6 13. Bf4 e5 14. Bxc6 bxc6 15. Bxe5 f6 16. Bg3 Nh6 17. Re1 Qg7 18. Qe2 1-0